LEADER 01761nam a2200337 4500 001 000000351553 003 CaOOAMICUS 005 20221019142429.0 008 220914s2020 it 000 u ita r 020 $a978-88-6558-390-6 040 $aSeMil$bita 100 1 $aGatti, Sergio.$0(OLS)http://semarc/name/47116 245 10$aIncivilire la finanza :$buna bussola per leggere una forma di "amore intelligente". Dalla Caritas in veritate di Benedetto 16. alla Laudato si' di Francesco /$cSergio Gatti, Stefano Zamagni. 264 1$aRoma :$bECRA,$cstampa 2020. 300 $a129 p. ;$c24 cm 490 1 $aEconomia civile 541 0 $aOmaggio mons. Mario Delpini (3M IV 300) 650 4$aBenedetto XVI - Encicliche . Caritas in veritate.$0(OLS)http://semarc/subject/31201 650 4$aFrancesco I - Encicliche . Laudato si'.$0(OLS)http://semarc/subject/15910 650 4$aSostenibilità.$0(OLS)http://semarc/subject/52507 650 4$aEconomia - Aspetti religiosi - Cristianesimo.$0(OLS)http://semarc/subject/22625 700 1 $aZamagni, Stefano,$d<1943- >.$0(OLS)http://semarc/name/18841 830 0$aEconomia civile.$0(OLS)http://semarc/title/441348 850 $aSeMil 852 $aSeMil$W1$xVenegono$y1$m3M IV 300$j234886$B242750$CSeMilBibl$Z2$F242750 $81 941 1 $a7 961 $aOmaggio mons. Mario Delpini 996 $6020$a978-88-6558-390-6$9(OLS)http://semarc/number/296684 996 $6245$aIncivilire la finanza :$buna bussola per leggere una forma di "amore intelligente". Dalla Caritas in veritate di Benedetto 16. alla Laudato si' di Francesco$9(OLS)http://semarc/title/441347 996 $6264$aRoma :$bECRA$9(OLS)http://semarc/publisher/33150 LEADER 01369nam a2200265 i 4500 001 000000050700 003 CaOOAMICUS 005 20101125000000.0 008 101125s1996 it u000 u ita u 013 $a21871 040 $aSeMil$bita 100 1 $aDaniele : da Samarate .$0(OLS)http://semarc/name/25101 245 10$aA Deus louvado :$bdiario (1908-1922) /$cGiornale di Servizio di Padre Daniele da Samarate, Frei Daniel Missionario Cappuccino, Servo di Dio, lebbroso di Cristo ; prefazione di Luigi Santucci. 246 04$iTitolo in copertina:$aFrei Daniel e il suo diario 260 $aGorle :$bVelar,$cstampa 1996. 300 $a331 p. :$bill. ;$c25 cm. 500 $aContiene : Biografia essenziale. - In mezzo al front : Nel 1° Centenario della sua professione solenne (2 luglio 1896). Segretariato Missioni Cappuccine. 650 4$aDiari e memorie.$0(OLS)http://semarc/subject/12810 700 1 $aSantucci, Luigi,$d<1918-1999>.$0(OLS)http://semarc/name/10748 850 $aSeMil 852 $aSeMil$W1$xVenegono$y1$m3J VI 219$j16855$B16855$CSeMilBibl$Z2$F16855 $81 961 $aOmaggio: Donazione 996 $6245$aA Deus louvado :$bdiario (1908-1922)$9(OLS)http://semarc/title/77422 996 $6246$aFrei Daniel e il suo diario$9(OLS)http://semarc/title/77423 996 $6260$aGorle :$bVelar$9(OLS)http://semarc/publisher/33489